Les signes zodiacaux des champions olympiques vivants - Statistiques

Statistiques générales
  • Ce quiz a été pris 3 fois
  • Le résultat moyen est 75 sur 294
Statistiques - réponses
Discipline Nom Médaillé en Signe % Correct
Athlétisme Guy Drut} 1976 Sagittaire
100%
Cyclisme Anne-Caroline Chausson} 2008 Balance
50%
Equitation Roger-Yves Bost} 2016 Balance
50%
Escrime Enzo Lefort} 2020 Balance
50%
Escrime Fabrice Jeannet} 2004 & 2008 Balance
50%
Escrime Julien Pillet} 2004 & 2008 Balance
50%
Football Albert Rust} 1984 Balance
50%
Football Didier Sénac} 1984 Balance
50%
Football Jean-Christophe Thouvenel} 1984 Balance
50%
Aviron Jérémie Azou} 2016 Bélier
50%
Aviron Pierre Houin} 2016 Bélier
50%
Canoë-kayak Nicolas Gestin 2024 Bélier
50%
Cyclisme Arnaud Tournant} 2000 Bélier
50%
Equitation Marc Roguet} 1976 Bélier
50%
Equitation Marcel Rozier} 1976 Bélier
50%
Equitation Mathieu Lemoine} 2016 Bélier
50%
Escrime Brigitte Gaudin} 1980 Bélier
50%
Escrime Hubert Gardas} 1980 Bélier
50%
Escrime Philippe Riboud} 1980 - 1988 Bélier
50%
Escrime Romain Cannone} 2020 Bélier
50%
Escrime Sophie Moressée} 1996 Bélier
50%
Football François Brisson} 1984 Bélier
50%
Aviron Laurent Porchier} 2000 Cancer
50%
Biathlon Justine Braisaz-Bouchet} 2022 Cancer
50%
Canoë-Kayak Denis Gargaud Chanut} 2016 Cancer
50%
Canoë-Kayak Georges Turlier} 1952 Cancer
50%
Cyclisme Francis Moreau} 1996 Cancer
50%
Escrime Éric Srecki} 1988 & 1992 Cancer
50%
Escrime Isabelle Boéri} 1980 Cancer
50%
Biathlon Véronique Claudel} 1992 Capricorne
50%
Canoë-Kayak Wilfrid Forgues} 1996 Capricorne
50%
Combiné nordique Fabrice Guy} 1992 Capricorne
50%
Cyclisme Miguel Martinez} 2000 Capricorne
50%
Equitation Astier Nicolas} 2016 Capricorne
50%
Equitation Cédric Lyard} 2004 Capricorne
50%
Equitation Thibaut Vallette} 2016 Capricorne
50%
Escrime Didier Flament} 1980 Capricorne
50%
Escrime Erwann Le Péchoux} 2020 Capricorne
50%
Escrime Michel Salesse} 1980 Capricorne
50%
Football Dominique Bijotat} 1984 Capricorne
50%
Football Jean-Philippe Rohr} 1984 Capricorne
50%
Football Michel Bensoussan} 1984 Capricorne
50%
Football William Ayache} 1984 Capricorne
50%
Gymnastique Émilie Le Pennec} 2004 Capricorne
50%
Athlétisme Jean Galfione} 1996 Gémeaux
50%
Aviron Hugo Boucheron} 2020 Gémeaux
50%
Aviron Matthieu Androdias} 2020 Gémeaux
50%
Biathlon Anne Briand} 1992 Gémeaux
50%
Biathlon Florence Baverel} 2006 Gémeaux
50%
Biathlon Marie Dorin-Habert} 2018 Gémeaux
50%
Canoë-Kayak Benoît Peschier} 2004 Gémeaux
50%
Cyclisme Félicia Ballanger} 1996 & 2000 Gémeaux
50%
Cyclisme Julie Bresset} 2012 Gémeaux
50%
Equitation Didier Courrèges} 2004 Gémeaux
50%
Escrime Daniel Jérent} 2016 Gémeaux
50%
Escrime Gauthier Grumier} 2016 Gémeaux
50%
Escrime Jean-Claude Magnan} 1968 Gémeaux
50%
Escrime Julien Mertine} 2020 Gémeaux
50%
Escrime Maxime Pauty} 2020 Gémeaux
50%
Escrime Valérie Barlois} 1996 Gémeaux
50%
Escrime Véronique Brouquier} 1980 Gémeaux
50%
Football Daniel Xuereb} 1984 Gémeaux
50%
Football Guy Lacombe} 1984 Gémeaux
50%
Aviron Adrien Hardy} 2004 Lion
50%
Biathlon Quentin Fillon Maillet} 2022 Lion
50%
Boxe Estelle Mossely} 2016 Lion
50%
Canoë-Kayak Franck Adisson} 1996 Lion
50%
Canoë-Kayak Jean Laudet} 1952 Lion
50%
Cyclisme Christophe Capelle} 1996 Lion
50%
Cyclisme Daniel Morelon} 1968 & 1972 Lion
50%
Cyclisme Julien Absalon} 2004 & 2008 Lion
50%
Equitation Karim Laghouag} 2016 Lion
50%
Equitation Pénélope Leprevost} 2016 Lion
50%
Escrime Pascal Jolyot} 1980 Lion
50%
Escrime Pascale Trinquet} 1980 Lion
50%
Escrime Patrice Lhôtellier} 2000 Lion
50%
Escrime Philippe Omnès} 1992 Lion
50%
Football Philippe Jeannol} 1984 Lion
50%
Biathlon Vincent Defrasne} 2006 Poissons
50%
Cyclisme Laurent Gané} 2000 Poissons
50%
Cyclisme Nathalie Even} 1996 Poissons
50%
Equitation Jean Teulère} 2004 Poissons
50%
Escrime Brice Guyart} 2000 Poissons
50%
Escrime Bruno Boscherie} 1980 Poissons
50%
Escrime Christian Noël} 1968 Poissons
50%
Escrime Érik Boisse} 2004 Poissons
50%
Escrime Olivier {Lenglet} 1988 Poissons
50%
Escrime Philippe Boisse} 1980 - 1984 Poissons
50%
Aviron Jean-Christophe Bette} 2000 Sagittaire
50%
Aviron Jean-Christophe Rolland} 2000 Sagittaire
50%
Biathlon Simon Desthieux} 2018 Sagittaire
50%
Cyclisme Daniel Rebillard} 1968 Sagittaire
50%
Escrime Boris Sanson} 2008 Sagittaire
50%
Escrime Jean-Michel Henry} 1988 Sagittaire
50%
Football Jean-Louis Zanon} 1984 Sagittaire
50%
Football Michel Bibard} 1984 Sagittaire
50%
Football Patrice Garande} 1984 Sagittaire
50%
Biathlon Corinne Niogret} 1992 Scorpion
50%
Cyclisme Jeannie Longo} 1996 Scorpion
50%
Equitation Arnaud Boiteau} 2004 Scorpion
50%
Equitation Kevin Staut} 2016 Scorpion
50%
Escrime Frédéric Delpla} 1988 Scorpion
50%
Escrime Gaël Touya} 2004 Scorpion
50%
Escrime Laura Flessel} 1996 Scorpion
50%
Escrime Nicolas Lopez} 2008 Scorpion
50%
Escrime Ulrich Robeiri} 2008 Scorpion
50%
Escrime Yannick Borel} 2016 Scorpion
50%
Athlétisme Marie-José Pérec} 1992 & 1996 Taureau
50%
Aviron Michel Andrieux} 2000 Taureau
50%
Aviron Xavier Dorfman} 2000 Taureau
50%
Aviron Yves Hocdé} 2000 Taureau
50%
Biathlon Anaïs Bescond} 2018 Taureau
50%
Biathlon Vincent Jay} 2010 Taureau
50%
Boxe Tony Yoka} 2016 Taureau
50%
Canoë-Kayak Tony Estanguet} 2000 2004 2012 Taureau
50%
Cyclisme Philippe Ermenault} 1996 Taureau
50%
Cyclisme Pierre Trentin} 1968 Taureau
50%
Equitation Nicolas Touzaint} 2004 Taureau
50%
Escrime Damien Touya} 2004 Taureau
50%
Escrime Frédéric Pietruszka} 1980 Taureau
50%
Escrime Gilles Berolatti} 1968 Taureau
50%
Escrime Hugues Obry} 2004 Taureau
50%
Escrime Jean-Michel Lucenay} 2016 Taureau
50%
Escrime Philippe Bonnin} 1980 Taureau
50%
Football José Touré} 1984 Taureau
50%
Football Patrick Cubaynes} 1984 Taureau
50%
Handball Alexandra Lacrabère} 2020 Taureau
50%
Boxe Brahim Asloum} 2000 Verseau
50%
Canoë-Kayak Émilie Fer} 2012 Verseau
50%
Cyclisme Charles Coste} 1948 Verseau
50%
Cyclisme Florian Rousseau} 1996 & 2000 Verseau
50%
Cyclisme Joris Daudet 2024 Verseau
50%
Cyclisme Pauline Ferrand-Prévot 2024 Verseau
50%
Equitation Philippe Rozier} 2016 Verseau
50%
Equitation Pierre Durand} 1988 Verseau
50%
Escrime Jean-François Lamour} 1984 & 1988 Verseau
50%
Escrime Jérôme Jeannet} 2004 & 2008 Verseau
50%
Escrime Lionel Plumenail} 2000 Verseau
50%
Escrime Manon Apithy-Brunet 2024 Verseau
50%
Athlétisme Renaud Lavillenie} 2012 Vierge
50%
Aviron Sébastien Vieilledent} 2004 Vierge
50%
Biathlon Martin Fourcade} 2014 & 2018 Vierge
50%
Combiné nordique Jason Lamy-Chapuis} 2010 Vierge
50%
Cyclisme Benjamin Thomas 2024 Vierge
50%
Cyclisme Jean-Michel Monin} 1996 Vierge
50%
Cyclisme Michel Vermeulin} 1956 Vierge
50%
Escrime Jean-Noël Ferrari} 2000 Vierge
50%
Escrime Patrick Picot} 1980 Vierge
50%
Football Jean-Claude Lemoult} 1984 Vierge
50%
Handball Béatrice Edwige} 2020 Balance
0%
Judo Aurélien Diesse 2024 Balance
0%
Judo Romane Dicko} 2020 Balance
0%
Lutte Steeve Guénot} 2008 Balance
0%
Natation Clément Lefert} 2012 Balance
0%
Natation Laure Manaudou} 2004 Balance
0%
Rugby à VII Théo Forner 2024 Balance
0%
Ski alpin Marielle Goitschel} 1964 & 1968 Balance
0%
Voile Yves Loday} 1992 Balance
0%
Volley-ball Théo Faure 2024 Balance
0%
Handball Bertrand Gille} 2008 2012 Bélier
0%
Handball Chloé Valentini} 2020 Bélier
0%
Handball Guillaume Joli} 2012 Bélier
0%
Handball Luka Karabatic} 2020 Bélier
0%
Handball Nicolas Tournat} 2020 Bélier
0%
Handball Nikola Karabatic} 2008 2012 2020 Bélier
0%
Handball William Accambray} 2012 Bélier
0%
Judo Marie-Claire Restoux} 1996 Bélier
0%
Judo Teddy Riner} 2012 2016 2020 Bélier
0%
Ski alpin Carole Montillet} 2002 Bélier
0%
Ski alpin Clément Noël} 2022 Bélier
0%
Tir Philippe Heberlé} 1984 Bélier
0%
Tir à l'arc Sébastien Flute} 1992 Bélier
0%
Voile Franck David} 1992 Bélier
0%
Volley-ball Stephen Boyer} 2020 Bélier
0%
Handball Cléopâtre Darleux} 2020 Cancer
0%
Handball Guillaume Gille} 2008 2012 Cancer
0%
Handball Ludovic Fabregas} 2020 Cancer
0%
Handball Nedim Remili} 2020 Cancer
0%
Handball Pauline Coatanea} 2020 Cancer
0%
Handball Samuel Honrubia} 2012 Cancer
0%
Judo Maxime-Gaël Ngayap Hambou 2024 Cancer
0%
Judo Sarah-Léonie Cysique} 2020 Cancer
0%
Natation Jérémy Stravius} 2012 Cancer
0%
Natation Yannick Agnel} 2012 Cancer
0%
Tir Jean-Pierre Amat} 1996 Cancer
0%
Voile Luc Pillot} 1988 Cancer
0%
Volley-ball Quentin Jouffroy 2024 Cancer
0%
Volley-ball Trévor Clévenot} 2020 Cancer
0%
Handball Didier Dinart} 2008 2012 Capricorne
0%
Handball Pauletta Foppa} 2020 Capricorne
0%
Handball Yann Genty} 2020 Capricorne
0%
Judo Angelo Parisi} 1980 Capricorne
0%
Judo Joan-Benjamin Gaba 2024 Capricorne
0%
Judo Luka Mkheidze 2024 Capricorne
0%
Judo Séverine Vandenhende} 2000 Capricorne
0%
Voile Charline Picon} 2016 Capricorne
0%
Volley-ball Jean Patry} 2020 Capricorne
0%
Handball Cédric Sorhaindo} 2012 Gémeaux
0%
Handball Kentin Mahé} 2020 Gémeaux
0%
Judo Catherine Fleury} 1992 Gémeaux
0%
Judo Thierry Rey} 1980 Gémeaux
0%
Judo Walide Khyar 2024 Gémeaux
0%
Rugby à VII Andy Timo 2024 Gémeaux
0%
Rugby à VII Antoine Zeghdar 2024 Gémeaux
0%
Ski alpin Christine Goitschel} 1964 Gémeaux
0%
Triathlon Cassandre Beaugrand 2024 Gémeaux
0%
Volley-ball Antoine Brizard} 2020 Gémeaux
0%
Handball Cédric Paty} 2008 Lion
0%
Handball Estelle Nze Minko} 2020 Lion
0%
Handball Hugo Descat} 2020 Lion
0%
Judo Djamel Bouras} 1996 Lion
0%
Judo Lucie Décosse} 2012 Lion
0%
Rugby à VII Rayan Rebbadj 2024 Lion
0%
Rugby à VII Stephen Parez 2024 Lion
0%
Rugby à VII Varian Pasquet 2024 Lion
0%
Voile Serge Maury} 1972 Lion
0%
Volley-ball Jenia Grebennikov} 2020 Lion
0%
Handball Jérôme Fernandez} 2008 2012 Poissons
0%
Handball Kalidiatou Niakaté} 2020 Poissons
0%
Handball Méline Nocandy} 2020 Poissons
0%
Handball Olivier Girault} 2008 Poissons
0%
Handball Rémi Desbonnet} 2020 Poissons
0%
Handball Romain Lagarde} 2020 Poissons
0%
Judo Axel Clerget} 2020 Poissons
0%
Rugby à VII Paulin Riva 2024 Poissons
0%
Ski acrobatique Edgar Grospiron} 1992 Poissons
0%
Ski acrobatique Jean-Frédéric Chapuis} 2014 Poissons
0%
Ski alpin Antoine Dénériaz} 2006 Poissons
0%
Ski alpin Jean-Pierre Vidal} 2002 Poissons
0%
Surf Kauli Vaast 2024 Poissons
0%
Voile Faustine Merret} 2004 Poissons
0%
Volley-ball Barthélémy Chinenyeze} 2020 Poissons
0%
Volley-ball Yacine Louati} 2020 Poissons
0%
Handball Daniel Narcisse} 2008 2012 Sagittaire
0%
Handball Daouda Karaboué} 2008 2012 Sagittaire
0%
Handball Laura Flippes} 2020 Sagittaire
0%
Handball Océane Sercien-Ugolin} 2020 Sagittaire
0%
Handball Vincent Gérard} 2020 Sagittaire
0%
Judo Marie-Ève Gahié 2024 Sagittaire
0%
Natation Amaury Leveaux} 2012 Sagittaire
0%
Rugby à VII Jordan Sepho 2024 Sagittaire
0%
Volley-ball Timothée Carle 2024 Sagittaire
0%
Handball Cédric Burdet} 2008 Scorpion
0%
Handball Thierry Omeyer} 2008 2012 Scorpion
0%
Handball Xavier Barachet} 2012 Scorpion
0%
Judo Clarisse Agbégnénou} 2020 Scorpion
0%
Judo Émilie Andéol} 2016 Scorpion
0%
Judo Guillaume Chaine} 2020 Scorpion
0%
Judo Marc Alexandre} 1988 Scorpion
0%
Natation Florent Manaudou} 2012 Scorpion
0%
Patinage artistique Guillaume Cizeron} 2022 Scorpion
0%
Rugby à VII Antoine Dupont 2024 Scorpion
0%
Ski acrobatique Perrine Laffont} 2018 Scorpion
0%
Tir Jean Quiquampoix} 2020 Scorpion
0%
Volley-ball Benjamin Toniutti} 2020 Scorpion
0%
Volley-ball Daryl Bultor} 2020 Scorpion
0%
Volley-ball Kévin Tillie} 2020 Scorpion
0%
Handball Allison Pineau} 2020 Taureau
0%
Handball Amandine Leynaud} 2020 Taureau
0%
Handball Christophe Kempé} 2008 Taureau
0%
Handball Joël Abati} 2008 Taureau
0%
Judo Cécile Nowak} 1992 Taureau
0%
Natation Alain Bernard} 2008 & 2012 Taureau
0%
Natation Fabien Gilot} 2012 Taureau
0%
Natation Léon Marchand 2024 Taureau
0%
Patinage artistique Gabriella Papadakis} 2022 Taureau
0%
Patinage artistique Gwendal Peizerat} 2002 Taureau
0%
Rugby à VII Aaron Grandidier 2024 Taureau
0%
Rugby à VII Jean-Pascal Barraque 2024 Taureau
0%
Ski alpin Jean-Luc Crétier} 1998 Taureau
0%
Tir Franck Dumoulin} 2000 Taureau
0%
Handball Blandine Dancette} 2020 Verseau
0%
Handball Melvyn Richardson} 2020 Verseau
0%
Handball Michaël Guigou} 2008 2012 2020 Verseau
0%
Judo David Douillet} 1996 & 2000 Verseau
0%
Judo Shirine Boukli 2024 Verseau
0%
Karaté Steven Da Costa} 2020 Verseau
0%
Rugby à VII Nelson Épée 2024 Verseau
0%
Volley-ball Earvin Ngapeth} 2020 Verseau
0%
Volley-ball Nicolas Le Goff} 2020 Verseau
0%
Handball Coralie Lassource} 2020 Vierge
0%
Handball Dika Mem} 2020 Vierge
0%
Handball Grâce Zaadi} 2020 Vierge
0%
Handball Luc Abalo} 2008 2012 2020 Vierge
0%
Handball Timothey N'Guessan} 2020 Vierge
0%
Handball Valentin Porte} 2020 Vierge
0%
Judo Alpha Oumar Djalo 2024 Vierge
0%
Patinage artistique Marina Anissina} 2002 Vierge
0%
Rugby à VII Jefferson-Lee Joseph 2024 Vierge
0%
Ski alpin Franck Piccard} 1988 Vierge
0%
Ski alpin Jean-Claude Killy} 1968 Vierge
0%
Taekwondo Althéa Laurin 2024 Vierge
0%
Voile Jean-Yves Le Déroff} 1988 & 1992 Vierge
0%
Voile Thierry Péponnet} 1988 Vierge
0%
Aucun quiz correspondant
Distribution des résultats
% des personnes avec chaque résultat
Percentile par nombre de réponses
Votre historique - résultats
Vous n’avez pas pris ce quiz